000 00360nam a22001457a 4500
008 221121b ||||| |||| 00| 0 eng d
020 _a2900840028548
041 _aeng
080 _2NINTH EDITION
_a159.9
082 _a159.9COR
100 _a25
101 _aPSI
245 _aTHEORY AND PRACTICE OF COUNSELING AND PSYCHOTHERAPY
_cCOREY G
942 _2udc
_cBK
999 _c58978
_d58978